| 000 | 00614nam a22002051a 4500 | ||
|---|---|---|---|
| 003 | OSt | ||
| 005 | 20240226100740.0 | ||
| 008 | 180216t2011 pk | |||| 00| d urd u | ||
| 020 | _a9789693505955 | ||
| 040 | _c0 | ||
| 082 |
_a891.4392 _bBAN 2011 |
||
| 100 | 1 |
_aبانوقدسیہ _9121226 |
|
| 245 | 1 | 0 |
_aسورج مکھی _cBano Qudsia |
| 246 | _aSuraj Mukhi | ||
| 260 |
_aLahore: _bSang e Meel Pub; _c2011. |
||
| 300 | _a160 p. | ||
| 650 |
_aUrdu literature _vDrama _9676 |
||
| 942 |
_2ddc _cBK _aSADA _k891.4392 BAN 2011 |
||
| 999 |
_c608137 _d608137 |
||